000 00433nam a2200133 4500
005 20260414100327.0
008 260414b |||||||| |||| 00| 0 eng d
020 _a81-219-2660-2
100 _aTheraja B.L
245 _aFundamentals of Electrical Engineering and Electronics in SI System of Units
_c/B.L Theraja
260 _aRam Nagar, New Delhi;
_bS. Chand & Company PVT LTD;
_c2014
300 _axx,841p.ill;
_c24cm
942 _2lcc
_n0
_cBK
999 _c220
_d220